| 000 | 00672cam a22002413a 4500 | ||
|---|---|---|---|
| 001 | 16307 | ||
| 003 | PGUSA | ||
| 005 | 20140828083340.0 | ||
| 008 | 050716s2005||||xxu|||||s|||||000 | eng d | ||
| 040 |
_aPGUSA _beng |
||
| 042 | _adc | ||
| 050 | 4 | _aBT | |
| 100 | 1 |
_aBradford, Amory H. _q(Amory Howe), _d1846-1911 |
|
| 245 | 1 | 4 |
_aThe Ascent of the Soul _h[electronic resource] / _cAmory H. Bradford |
| 260 |
_bProject Gutenberg, _c2005 |
||
| 506 | _aPublic domain in the USA. | ||
| 516 | _aElectronic text | ||
| 653 | _aSoul | ||
| 653 | _aAscension of the soul | ||
| 830 | 0 |
_aProject Gutenberg _v16307 |
|
| 856 | 4 | 0 | _uhttp://www.gutenberg.org/ebooks/16307 |
| 942 | _cEB | ||
| 999 |
_c245562 _d245562 |
||